LEADER 00981nam0-22003131i-450- 001 990002009150403321 005 20130326150151.0 035 $a000200915 035 $aFED01000200915 035 $a(Aleph)000200915FED01 035 $a000200915 100 $a20030910d1923----km-y0itay50------ba 101 0 $alat 105 $ay---a---001yy 200 1 $aBibliographia pathologiae piscium$ecollegit atque edidit auxilio ministerii pro agricultura czechoslovakiae$fL. Freunde 210 $aBurg Bz. Mgdeburg$cAugust Hopfler$d1923 215 $a262 p.$d23 cm 300 $aCollegit atque edidit auxilio Ministerii pro agricultura Czechoslovakiae(CZ) 610 0 $aPesci 610 0 $aParassitologia 676 $a636.089 700 1$aFreund,$bLudwig$087003 801 0$aIT$bUNINA$gRICA$2UNIMARC 901 $aBK 912 $a990002009150403321 952 $a61 III D.3/15$b2187$fDAGEN 959 $aDAGEN 996 $aBibliographia pathologiae piscium$9402538 997 $aUNINA LEADER 00751nam0-22002651i-450- 001 990003835310403321 010 $a88-458-0335-X 035 $a000383531 035 $aFED01000383531 035 $a(Aleph)000383531FED01 035 $a000383531 100 $a20011011d2000----km-y0itay50------ba 101 0 $aita 200 1 $aDecessi: caratteristiche demografiche e sociali$eanno 1997$fIstituto nazionale di statistica 210 $aRoma$cIstat$d2000 215 $a123 p.$d25 cm 225 1 $aAnnuario$fIstat$v6 676 $a304.06 710 2$aIstat$0493306 801 0$aIT$bUNINA$gRICA$2UNIMARC 901 $aBK 912 $a990003835310403321 959 $aMAS 996 $aDecessi: caratteristiche demografiche e sociali$9507938 997 $aUNINA